| 000 | 00993nam a22001817a 4500 | ||
|---|---|---|---|
| 008 | 150702b xxu||||| |||| 00| 0 eng d | ||
| 020 | _a185431307X | ||
| 050 | _aKD750.Z9 | ||
| 100 | _aBARTON,Chris. | ||
| 245 |
_aLaw quetions and answers: family law. / _cChris Barton |
||
| 260 |
_aLondon: _bPress limited, _c1994. |
||
| 300 |
_axviii,270p.: _c22cm. |
||
| 500 | _aIncludes index. | ||
| 505 | _aContents: Introduction: exam technique -- Family law:marriage,weddings and Cohabitation -- Nullity -- Divorce and judicial separation -- Domestic violence -- Children:an overview;general principles, status and wardship -- Assisted reproduction -- Adoption -- Children: private ordering -- Children and the local authority -- Property rights -- Welfare benefits and taxation -- Financial relief for adults: the courts -- Child support:the state and the courts -- Domestic partnership contracts -- Putting it all together. | ||
| 700 | _aDoupe, Hilary | ||
| 700 | _aHibbs, Mary | ||
| 942 |
_2lcc _cBK |
||
| 999 |
_c5596 _d13096 |
||